000 00307nam a22001217a 4500
008 260423b |||||||| |||| 00| 0 eng d
082 _a001333
100 _aTripathi, Ramasagar
245 _aDvanyaloka
_nVol1-2
260 _aDelhi
_bDelhi New Bharatiya Book Corporation
_c2017
300 _a304p
942 _2ddc
999 _c1288
_d1288